Письмо Думье Жоржа Шиллингу М. Ф. с приложением речи, произнесенной французским министром торговли на банкете русской торговой п...

Доступно только в Электронных читальных залах Найти на картеНа карте
RUSMARC
00004675nac2a22003133x 450
001b6f47dbf-2742-46eb-9b39-07bd9e9b41b4
00520211214210103.0
100##$a20211122l1911 k y0rusy50 ca
1010#$afre
$arus
102##$aRU
105##$ay z |||h|
1220#$ad19110206
1220#$ad19110128
2001#$aПисьмо Думье Жоржа Шиллингу М. Ф. с приложением речи, произнесенной французским министром торговли на банкете русской торговой палаты 28/I-1911. /франц./
$j06 февраля 1911
215##$a5 листов
251##$cДело
300##$aЗаголовок дела на папке: Письмо Думье Жоржа Шиллингу М. Ф. с приложением речи, произнесенной французским министром торговли на банкете русской торговой палаты 28/I-1911
300##$aЧасть текста на французском языке
300##$aЛист: 3 - конверт с маркой
300##$aМашинописный и рукописный текст
330##$aВходит в раздел описи: 3. Документы о научной и литературной деятельности барона Шиллинга М. Ф.. Письма разных лиц Шиллингу М. Ф.
461#0$1001ff9fc58f-089b-437b-980d-902343bc59d8
$12001
$aШиллинг Маврикий Фабианович, барон, секретарь русского посольства в Вене
$1251
$cФонд
$1852
$j813
462#0$1001665c067c-d934-4316-b9df-5bf0ad49190b
$12001
$aДела постоянного хранения. 1817-1917
$vД. 246
$1251
$cОпись
$1852
$j1
5171#$aПисьмо Думье Жоржа Шиллингу М. Ф. с приложением речи, произнесенной французским министром торговли на банкете русской торговой палаты 28/I-1911
600#1$aШиллинг
$bМ. Ф.
$cбарон
$gМаврикий Фабианович
600#1$aДумье
$bЖ.
$gЖорж
801#0$aRU
$bGA_RF
801#1$aRU
$bГлавНИВЦ
$c20211122
$2rusmarc
801#2$aRU
$bПБ им. Б.Н. Ельцина
$c20211214
$gRCR
$2rusmarc
852##$aГА РФ
$j246
937##$d171607757
$hГАРФ
035##$aRuPRLIB51062086
856##$uhttp://readingroom.main.prlib.ru/item.aspx?id_node=n171607757&mode=full
Формат отображения